LEADER 03106oam 2200649I 450 001 9910462346703321 005 20200520144314.0 010 $a1-317-03034-6 010 $a1-315-55767-3 010 $a1-317-03033-8 010 $a1-280-67762-7 010 $a9786613654557 010 $a1-4094-4347-7 024 7 $a10.4324/9781315557670 035 $a(CKB)2670000000204140 035 $a(EBL)932440 035 $a(OCoLC)795120339 035 $a(SSID)ssj0000656185 035 $a(PQKBManifestationID)12237159 035 $a(PQKBTitleCode)TC0000656185 035 $a(PQKBWorkID)10631311 035 $a(PQKB)11331380 035 $a(MiAaPQ)EBC932440 035 $a(MiAaPQ)EBC4442513 035 $a(Au-PeEL)EBL4442513 035 $a(CaPaEBR)ebr11488562 035 $a(OCoLC)1018162175 035 $a(OCoLC)948604016 035 $a(EXLCZ)992670000000204140 100 $a20180706e20162012 uy 0 101 0 $aeng 135 $aur|n|---||||| 181 $ctxt 182 $cc 183 $acr 200 14$aThe global anti-money laundering regulatory landscape in less developed countries /$fNorman Mugarura 210 1$aLondon ;$aNew York :$cRoutledge,$d2016. 215 $a1 online resource (335 p.) 300 $a"First published 2012 by Ashgate Publishing"--t.p. verso. 311 $a1-4094-4346-9 320 $aIncludes bibliographical references and index. 327 $aConceptualisation of money laundering threats : offences and typologies -- The dynamics of globalisation and money laundering -- The global anti-money laundering -- The evolution of a global AML paradigm -- The corruption factor and the domestication of global anti-money laundering regimes -- The challenges to localisation of normative anti-money laundering standards in less developed economies -- Harmonisation of global anti-money laundering laws -- Desired reforms to translate the recommended aml paradigms into the local economy -- A grimpse of law and markets -- Conclusion. 330 $aExamining the challenges of using the global anti-money laundering (AML) framework in an uneven global regulatory landscape, this book discusses the difficulties of relating de-regulation, liberalization and conflict of laws to the dynamics of the market economy and demonstrates how the global environment engenders money laundering. It suggests that corruption, general systemic failure and lack of infrastructural capacity in some developing economies are hampering the implementation of laws and regulations 606 $aMoney laundering$zDeveloping countries 606 $aMoney laundering$xPrevention$xInternational cooperation 608 $aElectronic books. 615 0$aMoney laundering 615 0$aMoney laundering$xPrevention$xInternational cooperation. 676 $a345/.0268 700 $aMugarura$b Norman.$0981152 801 0$bMiAaPQ 801 1$bMiAaPQ 801 2$bMiAaPQ 906 $aBOOK 912 $a9910462346703321 996 $aThe global anti-money laundering regulatory landscape in less developed countries$92239394 997 $aUNINA LEADER 03560nam 2200637 450 001 9910458607203321 005 20200520144314.0 010 $a1-4426-8720-7 024 7 $a10.3138/9781442687202 035 $a(CKB)2560000000054435 035 $a(OCoLC)759157402 035 $a(CaPaEBR)ebrary10442627 035 $a(SSID)ssj0000483749 035 $a(PQKBManifestationID)11299881 035 $a(PQKBTitleCode)TC0000483749 035 $a(PQKBWorkID)10529561 035 $a(PQKB)10445043 035 $a(CEL)433782 035 $a(CaBNvSL)slc00226322 035 $a(MiAaPQ)EBC3272838 035 $a(MiAaPQ)EBC4672522 035 $a(DE-B1597)464123 035 $a(OCoLC)979882404 035 $a(DE-B1597)9781442687202 035 $a(Au-PeEL)EBL4672522 035 $a(CaPaEBR)ebr11258188 035 $a(OCoLC)958565261 035 $a(EXLCZ)992560000000054435 100 $a20160923h20102010 uy 0 101 0 $aeng 135 $aurcn||||||||| 181 $ctxt 182 $cc 183 $acr 200 10$aDavid Adams Richards of the Miramichi $ea biographical introduction /$fTony Tremblay 210 1$aToronto, [Ontario] ;$aBuffalo, [New York] ;$aLondon, [England] :$cUniversity of Toronto Press,$d2010. 210 4$dİ2010 215 $a1 online resource (382 p.) 300 $aBibliographic Level Mode of Issuance: Monograph 311 $a1-4426-1077-8 311 $a1-4426-4162-2 320 $aIncludes bibliographical references and index. 327 $tFrontmatter -- $tContents -- $tPreface -- $tAcknowledgments -- $tAbbreviations -- $tIntroduction: Cultural Life on the Miramichi -- $t1. Richards's Ancestry -- $t2. Richards's Birth and Early Years -- $t3. Oliver Twist and the 1960s -- $t4. Stepping Outside and In: St Thomas University to Small Heroics -- $t5. Alden Nowlan and The Coming of Winter -- $t6. Ties of Friendship and of Blood -- $t7. 'The great unwholesome anonymity of North America': Lives to AA -- $t8. Rebuilding the Base: Fredericton, Stilt House, and the First GG Nomination -- $tConclusion: Nights Below and Stars Above -- $tBibliography -- $tIllustration Credits -- $tIndex 330 $aWidely considered to be one of Canada's most important authors, David Adams Richards has been honoured with a Giller Prize and two Governor General's Literary Awards. Despite this, there has been a dearth of critical appraisal of his life and works. In David Adams Richards of the Miramichi, Tony Tremblay sheds light not only on Richards' art and achievements, but also on Canadian literary criticism in general.Tremblay maps out the early influences on Richards' thinking and writing by drawing on interviews, archival records, and cultural studies of New Brunswick. He argues that the author is a more sophisticated craftsman than his critical reception has assumed and makes the case for a more nuanced analysis of his works. Equal parts literary biography, literary criticism, and cultural study of New Brunswick, David Adams Richards of the Miramichi provides a rare glimpse into the struggles and triumphs of a New Brunswick artist in a national and provincial milieu. 606 $aAuthors, Canadian$y20th century$vBiography 608 $aElectronic books. 615 0$aAuthors, Canadian 676 $aC813/.54 700 $aTremblay$b M. Anthony$g(Michael Anthony),$0975598 801 0$bMiAaPQ 801 1$bMiAaPQ 801 2$bMiAaPQ 906 $aBOOK 912 $a9910458607203321 996 $aDavid Adams Richards of the Miramichi$92221464 997 $aUNINA